| 000 | 003560000a22001570004500 | ||
|---|---|---|---|
| 001 | 002095 | ||
| 003 | MACL | ||
| 040 | _aMACL | ||
| 090 |
_c14088 _d14087 |
||
| 100 | _aSingal, V.K. | ||
| 245 |
_aBehind Psychology _bSearching for the Roots _cV.K. Singal |
||
| 260 |
_aManas Publication, _c2003 |
||
| 350 | _a295 | ||
| 650 | _aPsychology | ||
| 942 |
_k150 _cBook |
||
| 999 |
_c14011 _d14011 |
||